000 006010000a22001330004500
100 1 _aGodfrey, W. Robert
245 1 0 _aJuan Calvino - su enseñanza sobre la eucaristía
300 _aVol.9, núm.2 (2007), Páginas 68-75
500 _aEste artículo fue originalmente publicado en la revista Modern Reformation correspondiente a los meses de Mayo-Junio de 1997. Traducido con permiso. Traducción de Donald Herrera Terán para Reforma Siglo XXI.
520 _aLa frecuencia de la práctica, La ayuda y el medio de Dios,
650 1 4 _aCALVINO-EUCARISTÍA
773 0 _tReforma Siglo 21
942 _cANA
999 _c62662
_d62662